Countries with the Lowest Smoking Rates - Statistics

General Stats
  • This quiz has been taken 24 times
  • The average score is 9 of 20
Answer Stats
Smoking Rate Country % Correct
7.5 Niger
75%
7 Chad
69%
7.3 Guinea-Bissau
63%
7.3 Mali
63%
5.8 Senegal
63%
5.7 Togo
63%
5.5 Benin
56%
5.8 Cameroon
56%
3.1 Ghana
56%
7.9 Iceland
50%
2.8 Nigeria
50%
7.5 Liberia
44%
6.4 Uganda
44%
7.5 Colombia
31%
5.1 Ethiopia
31%
7.8 Haiti
25%
5.8 Peru
25%
6.7 Barbados
13%
4.5 Panama
13%
4.9 Turkmenistan
13%
No matching quizzes found
Score Distribution
Percent of People with Each Score
Percentile by Number Answered
Your Score History
You have not taken this quiz